Quelle île en Asie ? - Statistiques

Statistiques générales
  • Ce quiz a été pris 43 fois
  • Le résultat moyen est 10 sur 20
Statistiques - réponses
Indice Île % Correct
Pays insulaire méditerranéen que certains considèrent comme faisant partie de l'Europe Chypre
95%
Avant le 15e siècle, on pouvait se rendre à pied sur cette île depuis l'Inde Sri Lanka
90%
L'île la plus peuplée du monde. Est un langage de programmation informatique Java
85%
Siège de l'une des sociétés leader de semi-conducteurs au monde Taiwan
73%
La seule île au monde à abriter trois nations Borneo
70%
Pays insulaire dont les langues officielles sont l'anglais, le mandarin, le malais et le tamoul. Singapour
65%
La plus septentrionale des quatre îles principales du Japon Hokkaido
63%
Le plus grand lézard du monde porte le nom de cette île Komodo
63%
Un tremblement de terre au large de cette île a provoqué le tsunami du lendemain de Noël 2004 Sumatra
60%
Le "Las Vegas" de l'Asie Macao
55%
Site des Jeux olympiques d'été de 2020 Honshu
50%
La plus grande île de Russie, anciennement propriété du Japon Sakhaline
45%
Où se trouvent le Pic Victoria et le Port Victoria Hong Kong
40%
Accessible depuis la chaussée du roi Fahd Bahrein
38%
Près de 200 000 Japonais et Américains y ont trouvé la mort entre avril et juin 1945 Okinawa
35%
Île indonésienne dont le nom signifie "fleurs" en portugais Florès
28%
A été la cible du deuxième bombardement atomique de l'histoire par les États-Unis durant la Seconde Guerre mondiale Kyushu
25%
Les deux tiers de cette île indonésienne ont été détruits en 1883 Krakatoa
15%
Résidence actuelle de l'ancien président Rodrigo Duterte Luzon
15%
L'habitat du dernier mammouth laineux connu au monde Wrangel
3%
Aucun quiz correspondant
Distribution des résultats
% des personnes avec chaque résultat
Percentile par nombre de réponses
Votre historique - résultats
Vous n’avez pas pris ce quiz